[Event "4NCL/2001-02/D3/MSL-MK"]
[Site "Rd07-Birmingham"]
[Date "2002.03.23"]
[Round "7.3"]
[White "Reuben, Stewart"]
[Black "Smith, Graham M"]
[Result "0-1"]
[WhiteElo "2168"]
[BlackElo "1992"]
[PlyCount "106"]
[EventDate "2002.03.23"]
[EventType "team-match"]
[EventCountry "ENG"]
[SourceTitle "BritBase"]
[Source "John Saunders"]
[SourceDate "2024.10.24"]
[SourceVersion "1"]
[SourceVersionDate "2024.10.24"]
[SourceQuality "1"]
[WhiteTeam "Mind Sports Ltd"]
[BlackTeam "Milton Keynes"]
[WhiteTeamCountry "ENG"]
[BlackTeamCountry "ENG"]

1. c4 e5 2. g3 d6 3. Bg2 f5 4. Nc3 Nf6 5. e3 Be7 6. Nge2 c6 7. d4 O-O 8. O-O Be6 9. b3 e4 10. Nf4 Bf7 11. h4 d5 12. Qe2 Qa5 13. Bd2 Qa6 14. c5 Qxe2 15. Ncxe2 h6 16. Rab1 Kh7 17. Bh3 Ng4 18. h5 Nd7 19. f3 exf3 20. Rxf3 Ndf6 21. Rbf1 Ne4 22. Be1 Rfe8 23. Nd3 Bxh5 24. Rxf5 Ng5 25. Ndf4 Nxh3+ 26. Nxh3 Bg6 27. R5f4 Bd3 28. Bd2 Bxe2 29. Re1 Bg5 30. Rxe2 Bxf4 31. Nxf4 g5 32. Nd3 Re4 33. Nf2 Nxf2 34. Rxf2 Kg7 35. Kf1 Rf8 36. Rxf8 Kxf8 37. Kf2 Kf7 38. Ba5 Kf6 39. Bc7 Kf5 40. Kf3 h5 41. Bb8 Re8 42. Bd6 Rh8 43. Be5 Rh7 44. b4 g4+ 45. Ke2 Ke4 46. a4 a6 47. Bf6 Rf7 48. Bg5 Rf3 49. Bf4 h4 50. gxh4 Rh3 51. Bg5 Rh2+ 52. Ke1 Kf3 53. a5 g3 0-1

[Event "4NCL/2001-02/D3/MSL-MK"]
[Site "Rd07-Birmingham"]
[Date "2002.03.23"]
[Round "7.4"]
[White "Kendall, Paul Stephen N"]
[Black "Parker, Robert"]
[Result "0-1"]
[WhiteElo "1968"]
[BlackElo "2120"]
[PlyCount "74"]
[EventDate "2002.03.23"]
[EventType "team-match"]
[EventCountry "ENG"]
[SourceTitle "BritBase"]
[Source "John Saunders"]
[SourceDate "2024.10.24"]
[SourceVersion "1"]
[SourceVersionDate "2024.10.24"]
[SourceQuality "1"]
[WhiteTeam "Milton Keynes"]
[BlackTeam "Mind Sports Ltd"]
[WhiteTeamCountry "ENG"]
[BlackTeamCountry "ENG"]

1. e4 e5 2. Nf3 Nc6 3. Bb5 a6 4. Ba4 Nf6 5. d4 exd4 6. O-O Be7 7. e5 Ne4 8. c3 dxc3 9. Nxc3 Nxc3 10. bxc3 O-O 11. Qd3 d6 12. Bxc6 bxc6 13. Ba3 d5 14. Bxe7 Qxe7 15. Nd4 Bd7 16. Rfe1 c5 17. Nf5 Bxf5 18. Qxf5 Qe6 19. Qd3 Rad8 20. f4 d4 21. c4 g6 22. Rab1 Rb8 23. Rb3 Rb6 24. Kf2 Rfb8 25. h3 Rb4 26. g4 R8b6 27. Rc1 Qc8 28. Rxb4 Rxb4 29. Qe4 Qd8 30. Kg3 Ra4 31. e6 Ra3+ 32. Kg2 Re3 33. exf7+ Kxf7 34. Qc6 Qd6 35. Qxd6 cxd6 36. Rc2 Rc3 37. Rb2 d3 0-1

[Event "4NCL/2001-02/D3/MSL-MK"]
[Site "Rd07-Birmingham"]
[Date "2002.03.23"]
[Round "7.5"]
[White "Almond, Richard JA"]
[Black "Elwin, Adrian G"]
[Result "1/2-1/2"]
[WhiteElo "2136"]
[BlackElo "1968"]
[PlyCount "82"]
[EventDate "2002.03.23"]
[EventType "team-match"]
[EventCountry "ENG"]
[SourceTitle "BritBase"]
[Source "John Saunders"]
[SourceDate "2024.10.24"]
[SourceVersion "1"]
[SourceVersionDate "2024.10.24"]
[SourceQuality "1"]
[WhiteTeam "Mind Sports Ltd"]
[BlackTeam "Milton Keynes"]
[WhiteTeamCountry "ENG"]
[BlackTeamCountry "ENG"]

1. d4 d5 2. c4 c6 3. Nf3 Nf6 4. Nc3 g6 5. Bf4 Bg7 6. e3 O-O 7. Qb3 dxc4 8. Bxc4 e6 9. O-O Nbd7 10. e4 Nb6 11. Be2 h6 12. Rfd1 Qe7 13. a4 g5 14. Bg3 Nh5 15. a5 Nd7 16. Bc7 Ndf6 17. Be5 Ne8 18. Bxg7 Nexg7 19. g3 Nf6 20. Ne5 Qc7 21. Qc4 Nge8 22. b4 Nd7 23. Ng4 Kg7 24. e5 f5 25. exf6+ Ndxf6 26. Ne5 Nd6 27. Qb3 Nf7 28. f4 gxf4 29. gxf4 Nd5 30. Nxd5 exd5 31. Qg3+ Kf6 32. Qh4+ Kg7 33. Kh1 Nxe5 34. fxe5 Bf5 35. Bd3 Qf7 36. Rg1+ Kh7 37. Bxf5+ Qxf5 38. Rg2 Rf7 39. Rag1 Qf3 40. Qg4 Qxg4 41. Rxg4 a6 1/2-1/2

[Event "4NCL/2001-02/D3/MSL-MK"]
[Site "Rd07-Birmingham"]
[Date "2002.03.23"]
[Round "7.6"]
[White "Griffiths, Adele"]
[Black "Muter, Donny"]
[Result "0-1"]
[WhiteElo "2005"]
[BlackElo "2096"]
[PlyCount "110"]
[EventDate "2002.03.23"]
[EventType "team-match"]
[EventCountry "ENG"]
[SourceTitle "BritBase"]
[Source "John Saunders"]
[SourceDate "2024.10.24"]
[SourceVersion "1"]
[SourceVersionDate "2024.10.24"]
[SourceQuality "1"]
[WhiteTeam "Milton Keynes"]
[BlackTeam "Mind Sports Ltd"]
[WhiteTeamCountry "ENG"]
[BlackTeamCountry "ENG"]

1. e4 d6 2. Nc3 Nf6 3. g3 c5 4. Bg2 Nc6 5. d3 g6 6. Be3 Bg7 7. Qd2 Ng4 8. Bf4 e5 9. Bg5 f6 10. Be3 O-O 11. Nge2 Rb8 12. O-O Nd4 13. h3 Nxe3 14. fxe3 Bh6 15. Nd5 Be6 16. Nec3 Nc6 17. Qe2 b5 18. Kh2 Rb7 19. h4 a6 20. Bh3 Bxh3 21. Kxh3 Rbf7 22. g4 b4 23. Na4 Qd7 24. Nab6 Qe6 25. Kh2 Bg7 26. Rf2 f5 27. exf5 gxf5 28. gxf5 Rxf5 29. Raf1 e4 30. Rxf5 Rxf5 31. Rxf5 Qxf5 32. b3 Kh8 33. Kg3 Ne5 34. Ne7 Qf7 35. Nbd5 Bf8 36. d4 Nf3 37. Qxa6 Bxe7 38. Nxe7 Qxe7 39. Qc8+ Kg7 40. Qg4+ Kf7 41. Qf5+ Kg8 42. Qc8+ Qf8 43. Qe6+ Kh8 44. Qxe4 Nd2 45. Qd5 Qg8+ 46. Qxg8+ Kxg8 47. dxc5 Ne4+ 48. Kf3 Nxc5 49. Kf4 Kf7 50. Kf5 h6 51. h5 Ne6 52. Ke4 Ng7 53. Kd5 Nxh5 54. Kxd6 Ng3 55. Ke5 Ne2 0-1

[Event "4NCL/2001-02/D3/MSL-MK"]
[Site "Rd07-Birmingham"]
[Date "2002.03.23"]
[Round "7.7"]
[White "Hawkins, James Nick"]
[Black "Valentine, Brian J"]
[Result "1/2-1/2"]
[WhiteElo "2104"]
[BlackElo "1904"]
[PlyCount "53"]
[EventDate "2002.03.23"]
[EventType "team-match"]
[EventCountry "ENG"]
[SourceTitle "BritBase"]
[Source "John Saunders"]
[SourceDate "2024.10.24"]
[SourceVersion "1"]
[SourceVersionDate "2024.10.24"]
[SourceQuality "1"]
[WhiteTeam "Mind Sports Ltd"]
[BlackTeam "Milton Keynes"]
[WhiteTeamCountry "ENG"]
[BlackTeamCountry "ENG"]

1. e4 Nc6 2. Nc3 e5 3. Nf3 Nf6 4. d4 exd4 5. Nxd4 Bb4 6. Nxc6 bxc6 7. Bd3 O-O 8. O-O Re8 9. Qf3 d5 10. exd5 cxd5 11. Bg5 c6 12. Rfe1 Be6 13. h3 h6 14. Bh4 Be7 15. Bg3 Qb6 16. Nd1 Nd7 17. c3 Bf6 18. Re2 Nc5 19. Bc2 Rad8 20. Be5 Nd7 21. Bg3 c5 22. Ne3 d4 23. Nf5 Bxf5 24. Rxe8+ Rxe8 25. Qxf5 Nf8 26. Bb3 g6 27. Qd5 1/2-1/2

[Event "4NCL/2001-02/D3/MSL-MK"]
[Site "Rd07-Birmingham"]
[Date "2002.03.23"]
[Round "7.8"]
[White "Thomas, Philip"]
[Black "Broomfield, Lucy J"]
[Result "1/2-1/2"]
[WhiteElo "1960"]
[BlackElo "2072"]
[PlyCount "50"]
[EventDate "2002.03.23"]
[EventType "team-match"]
[EventCountry "ENG"]
[SourceTitle "BritBase"]
[Source "John Saunders"]
[SourceDate "2024.10.24"]
[SourceVersion "1"]
[SourceVersionDate "2024.10.24"]
[SourceQuality "1"]
[WhiteTeam "Milton Keynes"]
[BlackTeam "Mind Sports Ltd"]
[WhiteTeamCountry "ENG"]
[BlackTeamCountry "ENG"]

1. Nc3 f5 2. e4 d6 3. d4 Nf6 4. Bg5 Nxe4 5. Nxe4 fxe4 6. d5 Bf5 7. Ne2 h6 8. Bh4 g5 9. Nf4 Qd7 10. Qh5+ Kd8 11. Bxg5 Rg8 12. Qf7 Rh8 13. Bf6 exf6 14. Qxf6+ Qe7 15. Qxf5 Rg8 16. O-O-O Nd7 17. Ne6+ Kc8 18. Qxe4 Bg7 19. Bd3 Bh8 20. Rhe1 Qf6 21. c3 Qxf2 22. Qc4 Qb6 23. g4 Ne5 24. Rxe5 Bxe5 25. Bf5 Kb8 1/2-1/2

[Event "4NCL/2001-02/D3/PP2-AFC"]
[Site "Rd07-Birmingham"]
[Date "2002.03.23"]
[Round "7.1"]
[White "Young, Craig A"]
[Black "Carleton, John Joseph"]
[Result "0-1"]
[WhiteElo "2113"]
[BlackElo "2250"]
[PlyCount "60"]
[EventDate "2002.03.23"]
[EventType "team-match"]
[EventCountry "ENG"]
[SourceTitle "BritBase"]
[Source "John Saunders"]
[SourceDate "2024.10.24"]
[SourceVersion "1"]
[SourceVersionDate "2024.10.24"]
[SourceQuality "1"]
[WhiteTeam "Poisoned Pawns 2"]
[BlackTeam "All Four Corners"]
[WhiteTeamCountry "ENG"]
[BlackTeamCountry "ENG"]

1. Nf3 d5 2. d4 Bf5 3. c4 e6 4. Qb3 Nc6 5. a3 Na5 6. Qa4+ c6 7. cxd5 exd5 8. e3 b5 9. Qd1 Nf6 10. Be2 Bd6 11. Nbd2 O-O 12. O-O Re8 13. b4 Nc4 14. Nb3 Ne4 15. Bxc4 bxc4 16. Nc5 Qf6 17. Nxe4 Rxe4 18. Ne1 Rae8 19. f4 Rxe3 20. Bxe3 Rxe3 21. Qd2 Qe7 22. Ra2 Qe4 23. g3 c3 24. Qd1 h5 25. Ng2 Rd3 26. Qxh5 Qxd4+ 27. Kh1 Be4 28. Qe2 Bc7 29. h4 Rxg3 30. Rf2 Bb6 0-1

[Event "4NCL/2001-02/D3/PP2-AFC"]
[Site "Rd07-Birmingham"]
[Date "2002.03.23"]
[Round "7.2"]
[White "Toothill, John"]
[Black "Goodger, Martyn"]
[Result "1-0"]
[WhiteElo "2192"]
[BlackElo "2147"]
[PlyCount "63"]
[EventDate "2002.03.23"]
[EventType "team-match"]
[EventCountry "ENG"]
[SourceTitle "BritBase"]
[Source "John Saunders"]
[SourceDate "2024.10.24"]
[SourceVersion "1"]
[SourceVersionDate "2024.10.24"]
[SourceQuality "1"]
[WhiteTeam "All Four Corners"]
[BlackTeam "Poisoned Pawns 2"]
[WhiteTeamCountry "ENG"]
[BlackTeamCountry "ENG"]

1. e4 d5 2. exd5 Nf6 3. Nf3 Nxd5 4. d4 g6 5. Be2 Bg7 6. O-O O-O 7. h3 Nc6 8. c4 Nb6 9. Be3 e5 10. d5 Ne7 11. Nc3 h6 12. Qd2 Nf5 13. Rad1 Nxe3 14. Qxe3 Re8 15. c5 Nd7 16. Bb5 a6 17. Ba4 b5 18. Bb3 Nf8 19. Rd2 Bf5 20. g4 Bc8 21. Rfd1 Rb8 22. c6 Nh7 23. Ne4 Nf6 24. d6 Nxe4 25. Qxe4 Be6 26. dxc7 Qxc7 27. Rd7 Qb6 28. c7 Rbc8 29. R1d6 Qa5 30. Bxe6 Rxe6 31. Rxe6 fxe6 32. Qxg6 1-0

[Event "4NCL/2001-02/D3/PP2-AFC"]
[Site "Rd07-Birmingham"]
[Date "2002.03.23"]
[Round "7.3"]
[White "Day, Tom W"]
[Black "Savory, Richard J"]
[Result "1-0"]
[WhiteElo "2115"]
[BlackElo "2115"]
[PlyCount "59"]
[EventDate "2002.03.23"]
[EventType "team-match"]
[EventCountry "ENG"]
[SourceTitle "BritBase"]
[Source "John Saunders"]
[SourceDate "2024.10.24"]
[SourceVersion "1"]
[SourceVersionDate "2024.10.24"]
[SourceQuality "1"]
[WhiteTeam "Poisoned Pawns 2"]
[BlackTeam "All Four Corners"]
[WhiteTeamCountry "ENG"]
[BlackTeamCountry "ENG"]

1. d4 d5 2. c4 c6 3. Nc3 Nf6 4. Nf3 dxc4 5. a4 Bf5 6. e3 e6 7. Bxc4 Bb4 8. O-O O-O 9. Nh4 Bg4 10. f3 Nd5 11. fxg4 Qxh4 12. e4 Nxc3 13. bxc3 Bxc3 14. Ra3 Bb4 15. Rh3 Qe7 16. g5 g6 17. Rh6 Rd8 18. Qg4 Qd7 19. Bb2 Bf8 20. Rh3 Bg7 21. e5 b5 22. Qh4 h5 23. gxh6 Bf8 24. Qf6 Kh7 25. Qxf7+ Qxf7 26. Rxf7+ Kh8 27. Bxe6 bxa4 28. Ba2 Na6 29. e6 a3 30. Ba1 1-0

[Event "4NCL/2001-02/D3/PP2-AFC"]
[Site "Rd07-Birmingham"]
[Date "2002.03.23"]
[Round "7.4"]
[White "Milnes, Anthony CP"]
[Black "Edwards, Raymond Brunton"]
[Result "0-1"]
[WhiteElo "2138"]
[BlackElo "2076"]
[PlyCount "52"]
[EventDate "2002.03.23"]
[EventType "team-match"]
[EventCountry "ENG"]
[SourceTitle "BritBase"]
[Source "John Saunders"]
[SourceDate "2024.10.24"]
[SourceVersion "1"]
[SourceVersionDate "2024.10.24"]
[SourceQuality "1"]
[WhiteTeam "All Four Corners"]
[BlackTeam "Poisoned Pawns 2"]
[WhiteTeamCountry "ENG"]
[BlackTeamCountry "ENG"]

1. e4 c6 2. d4 d5 3. exd5 cxd5 4. Bd3 Nc6 5. c3 Nf6 6. Bf4 g6 7. Nf3 Bg7 8. Nbd2 O-O 9. O-O Nh5 10. Be3 Qd6 11. Re1 Bd7 12. Nb3 Rad8 13. Qd2 Rfe8 14. Nc5 Bc8 15. g4 Bxg4 16. Nxb7 Qd7 17. Nc5 Qc8 18. Be2 e5 19. Nxe5 Nxe5 20. dxe5 Bxe5 21. Nd3 Bc7 22. Qd1 Bxe2 23. Qxe2 Qh3 24. f3 Rxe3 25. Qxe3 Qxh2+ 26. Kf1 Ng3# 0-1

[Event "4NCL/2001-02/D3/PP2-AFC"]
[Site "Rd07-Birmingham"]
[Date "2002.03.23"]
[Round "7.5"]
[White "Winfridsson, Ola"]
[Black "Khoo, Teresa"]
[Result "1/2-1/2"]
[WhiteElo "2032"]
[BlackElo "2136"]
[PlyCount "83"]
[EventDate "2002.03.23"]
[EventType "team-match"]
[EventCountry "ENG"]
[SourceTitle "BritBase"]
[Source "John Saunders"]
[SourceDate "2024.10.24"]
[SourceVersion "1"]
[SourceVersionDate "2024.10.24"]
[SourceQuality "1"]
[WhiteTeam "Poisoned Pawns 2"]
[BlackTeam "All Four Corners"]
[WhiteTeamCountry "ENG"]
[BlackTeamCountry "ENG"]

1. d4 Nf6 2. c4 e6 3. Nc3 Bb4 4. Bg5 c5 5. Rc1 h6 6. Bh4 cxd4 7. Qxd4 Nc6 8. Bxf6 Nxd4 9. Bxd8 Kxd8 10. e3 Nc6 11. Nf3 Ke7 12. a3 Bxc3+ 13. Rxc3 Rd8 14. Bd3 b6 15. c5 bxc5 16. Rxc5 Bb7 17. b4 Rac8 18. Ke2 d6 19. Rc2 g6 20. Rhc1 Kf6 21. Bb5 Ne7 22. Rc7 Nd5 23. Rxc8 Rxc8 24. Rxc8 Bxc8 25. Kd3 Bb7 26. Nd4 Ne7 27. f3 g5 28. Bd7 a6 29. b5 e5 30. Nc6 axb5 31. Nxe7 Kxe7 32. Bxb5 d5 33. g3 Kd6 34. Be8 f6 35. Kc3 Kc5 36. Bh5 Ba6 37. Bg6 Be2 38. f4 gxf4 39. gxf4 Bb5 40. h4 exf4 41. exf4 d4+ 42. Kd2 1/2-1/2

[Event "4NCL/2001-02/D3/PP2-AFC"]
[Site "Rd07-Birmingham"]
[Date "2002.03.23"]
[Round "7.6"]
[White "Kitson, Peter R"]
[Black "Retallick, Lloyd"]
[Result "1-0"]
[WhiteElo "2088"]
[BlackElo "1992"]
[PlyCount "107"]
[EventDate "2002.03.23"]
[EventType "team-match"]
[EventCountry "ENG"]
[SourceTitle "BritBase"]
[Source "John Saunders"]
[SourceDate "2024.10.24"]
[SourceVersion "1"]
[SourceVersionDate "2024.10.24"]
[SourceQuality "1"]
[WhiteTeam "All Four Corners"]
[BlackTeam "Poisoned Pawns 2"]
[WhiteTeamCountry "ENG"]
[BlackTeamCountry "ENG"]

1. e4 c6 2. d4 d5 3. exd5 cxd5 4. Bd3 Nc6 5. c3 Nf6 6. Nf3 Bg4 7. Nbd2 e6 8. Qa4 Qa5 9. Qxa5 Nxa5 10. Bb5+ Kd8 11. Ne5 Bh5 12. b4 a6 13. Be2 Nc6 14. Nxc6+ bxc6 15. Nf3 Ne4 16. Bb2 f6 17. Nd2 Bxe2 18. Nxe4 Bd3 {(=)} 19. Nc5 Bxc5 20. dxc5 e5 21. Kd2 Bc4 22. Rhe1 Kd7 23. Re3 Rhe8 24. a3 Re7 25. Rh3 h6 26. Re1 Rf8 27. Kc2 f5 28. Bc1 {(=)} Re6 29. Rhe3 Rfe8 30. f4 e4 31. Rg3 R8e7 32. Be3 Rf7 33. h4 g5 34. hxg5 Rg6 35. Rh1 hxg5 36. Bd4 g4 37. Re3 Bd3+ 38. Kd2 Rg8 39. Ree1 a5 {(=)} 40. Rh6 axb4 41. cxb4 Ra8 42. Bb2 Bb5 43. Reh1 Re8 44. Ke3 Re6 45. Rxe6 Kxe6 46. Rh6+ Kd7 47. g3 Kc7 48. Bc1 Kb7 49. Bb2 Ba4 50. Rh8 Ka6 51. Bc3 Kb5 52. Kd4 Bb3 53. Ra8 Re7 54. Ra5# 1-0

[Event "4NCL/2001-02/D3/PP2-AFC"]
[Site "Rd07-Birmingham"]
[Date "2002.03.23"]
[Round "7.7"]
[White "James, Stephen B"]
[Black "Phillips, David"]
[Result "0-1"]
[WhiteElo "1904"]
[BlackElo "1984"]
[PlyCount "82"]
[EventDate "2002.03.23"]
[EventType "team-match"]
[EventCountry "ENG"]
[SourceTitle "BritBase"]
[Source "John Saunders"]
[SourceDate "2024.10.24"]
[SourceVersion "1"]
[SourceVersionDate "2024.10.24"]
[SourceQuality "1"]
[WhiteTeam "Poisoned Pawns 2"]
[BlackTeam "All Four Corners"]
[WhiteTeamCountry "ENG"]
[BlackTeamCountry "ENG"]

1. e4 e5 2. Nf3 Nc6 3. Bc4 Nf6 4. d3 Be7 5. O-O O-O 6. Bb3 d6 7. c3 a6 8. Nbd2 Na5 9. Bc2 c5 10. Re1 Qc7 11. Nf1 Re8 12. Ng3 b5 13. a4 b4 14. h3 Rb8 15. d4 b3 16. Bd3 exd4 17. cxd4 c4 18. Bf1 c3 19. Qd3 cxb2 20. Bxb2 Qc2 21. Rab1 d5 22. e5 Ne4 23. Nxe4 dxe4 24. Qxe4 Qxe4 25. Rxe4 Bf5 26. Ree1 Bb4 27. Red1 Bxb1 28. Rxb1 Rec8 29. Bxa6 Rc2 30. d5 Bc3 31. Bc1 Ra2 32. d6 Ra1 33. Bd3 b2 34. Bd2 Rxb1+ 35. Bxb1 Bxd2 36. Nxd2 Kf8 37. Kf1 Rc8 38. Ke2 Rc1 39. Kd3 Ke8 40. Ba2 Nc6 41. f4 Nb4+ 0-1

[Event "4NCL/2001-02/D3/PP2-AFC"]
[Site "Rd07-Birmingham"]
[Date "2002.03.23"]
[Round "7.8"]
[White "Truscott, Ian"]
[Black "Smith, Robyn"]
[Result "1/2-1/2"]
[WhiteElo "1680"]
[BlackElo "1304"]
[PlyCount "71"]
[EventDate "2002.03.23"]
[EventType "team-match"]
[EventCountry "ENG"]
[SourceTitle "BritBase"]
[Source "John Saunders"]
[SourceDate "2024.10.24"]
[SourceVersion "1"]
[SourceVersionDate "2024.10.24"]
[SourceQuality "1"]
[WhiteTeam "All Four Corners"]
[BlackTeam "Poisoned Pawns 2"]
[WhiteTeamCountry "ENG"]
[BlackTeamCountry "ENG"]

1. d4 Nf6 2. Bg5 d6 3. Bxf6 exf6 4. g3 Bf5 5. Bg2 d5 6. Nf3 c6 7. c3 Nd7 8. Nbd2 Qc7 9. Nh4 Be6 10. Qc2 O-O-O 11. O-O-O g5 12. Nf5 Qa5 13. Kb1 Nb6 14. Ne3 Qb5 15. Nb3 Nc4 16. Nxc4 dxc4 17. Nd2 Re8 18. e4 f5 19. e5 Bg7 20. f4 h6 21. Nf1 f6 22. Ne3 fxe5 23. dxe5 Rhf8 24. Rd6 gxf4 25. gxf4 h5 26. Rxe6 Rxe6 27. Nxf5 Bxe5 28. fxe5 Qxe5 29. Bh3 Kb8 30. a3 Ref6 31. Rg1 Rxf5 32. Bxf5 Qxf5 33. Qxf5 Rxf5 34. Rg8+ Kc7 35. Rg7+ Kb6 36. Rh7 1/2-1/2

[Event "4NCL/2001-02/D3/SCS-NK"]
[Site "Rd07-Birmingham"]
[Date "2002.03.23"]
[Round "7.1"]
[White "Greet, Andrew N"]
[Black "Williams, Leighton"]
[Result "1/2-1/2"]
[WhiteElo "2245"]
[BlackElo "2304"]
[PlyCount "145"]
[EventDate "2002.03.23"]
[EventType "team-match"]
[EventCountry "ENG"]
[SourceTitle "BritBase"]
[Source "John Saunders"]
[SourceDate "2024.10.24"]
[SourceVersion "1"]
[SourceVersionDate "2024.10.24"]
[SourceQuality "1"]
[WhiteTeam "Southern Counties Stars"]
[BlackTeam "Nidum Knights"]
[WhiteTeamCountry "ENG"]
[BlackTeamCountry "WLS"]

1. e4 c5 2. Nc3 Nc6 3. f4 g6 4. Nf3 Bg7 5. a3 d6 6. Bc4 e6 7. O-O Nge7 8. Qe1 Nd4 9. Nxd4 cxd4 10. Ne2 O-O 11. d3 d5 12. Ba2 dxe4 13. dxe4 Bd7 14. Ng3 Rc8 15. Rf2 Kh8 16. e5 Bc6 17. Qe2 Qb6 18. Bc4 f5 19. b3 Rfd8 20. Bb2 Nd5 21. Qd2 Ne3 22. Bxe6 Rc7 23. Ne2 Nxc2 24. Qxc2 Be4 25. Qd2 Rc2 26. Bxd4 Qxe6 27. Qe3 Qd5 28. Bxa7 Bf8 29. b4 Qc4 30. h3 Rd3 31. Qb6 Rdd2 32. Re1 Bd3 33. Qf6+ Bg7 34. Qd8+ Qg8 35. Qxg8+ Kxg8 36. Ng3 Rxf2 37. Bxf2 Ra2 38. e6 Kf8 39. b5 Ke8 40. Bc5 Bh6 41. Bd6 Rd2 42. Rc1 Bc2 43. Be5 Ke7 44. Nf1 Re2 45. Ne3 Be4 46. Rc3 Kxe6 47. Kf1 Ra2 48. g4 {(=)} Bf8 49. gxf5+ gxf5 50. Nc4 Be7 51. Ke1 Bh4+ 52. Kd1 Rh2 53. Nd6 Bg2 54. Rc7 Bf3+ 55. Kc1 Be7 56. Nc4 h5 57. a4 Ra2 58. a5 Bd8 59. b6 Ra4 60. Rc8 Be7 61. Bc3 Be2 62. Ne3 Rxf4 63. Re8 Bf3 64. Bd2 Kd7 65. Rxe7+ Kxe7 66. Nd5+ Bxd5 67. Bxf4 Ke6 {(=)} 68. Kd2 Bc4 69. Ke3 Kd5 70. Bg3 Ke6 71. Kf4 Kf6 72. Be1 Kg6 73. h4 1/2-1/2

[Event "4NCL/2001-02/D3/SCS-NK"]
[Site "Rd07-Birmingham"]
[Date "2002.03.23"]
[Round "7.2"]
[White "Morris, Gareth D"]
[Black "Edwards, David"]
[Result "1/2-1/2"]
[WhiteElo "2175"]
[BlackElo "2189"]
[PlyCount "54"]
[EventDate "2002.03.23"]
[EventType "team-match"]
[EventCountry "ENG"]
[SourceTitle "BritBase"]
[Source "John Saunders"]
[SourceDate "2024.10.24"]
[SourceVersion "1"]
[SourceVersionDate "2024.10.24"]
[SourceQuality "1"]
[WhiteTeam "Nidum Knights"]
[BlackTeam "Southern Counties Stars"]
[WhiteTeamCountry "WLS"]
[BlackTeamCountry "ENG"]

1. d4 Nf6 2. c4 e6 3. g3 Bb4+ 4. Bd2 Qe7 5. Bg2 O-O 6. Nc3 c5 7. a3 Ba5 8. dxc5 Nc6 9. b4 Bc7 10. Nf3 a5 11. Nb5 Bb8 12. O-O Ne4 13. Be1 f5 14. Nfd4 Be5 15. f4 Bf6 16. Rb1 Nxd4 17. Nxd4 d6 18. cxd6 Qxd6 19. Nb3 Qc7 20. Qc2 b6 21. Nd2 Nxd2 22. Bxd2 Ba6 23. Rfc1 Rac8 24. c5 axb4 25. axb4 bxc5 26. b5 Bb7 27. Qc4 Rfe8 1/2-1/2

[Event "4NCL/2001-02/D3/SCS-NK"]
[Site "Rd07-Birmingham"]
[Date "2002.03.23"]
[Round "7.3"]
[White "Clark, Stephen P"]
[Black "Tabatabai, John"]
[Result "1-0"]
[WhiteElo "2105"]
[BlackElo "2062"]
[PlyCount "89"]
[EventDate "2002.03.23"]
[EventType "team-match"]
[EventCountry "ENG"]
[SourceTitle "BritBase"]
[Source "John Saunders"]
[SourceDate "2024.10.24"]
[SourceVersion "1"]
[SourceVersionDate "2024.10.24"]
[SourceQuality "1"]
[WhiteTeam "Southern Counties Stars"]
[BlackTeam "Nidum Knights"]
[WhiteTeamCountry "ENG"]
[BlackTeamCountry "WLS"]

1. d4 Nf6 2. Nf3 g6 3. Bf4 Bg7 4. h3 O-O 5. e3 d6 6. Be2 Nbd7 7. O-O Qe8 8. Bh2 e5 9. c4 Qe7 10. Nc3 e4 11. Nd2 Re8 12. Nb5 Qd8 13. c5 a6 14. cxd6 axb5 15. dxc7 Qe7 16. Bxb5 Qb4 17. a4 Re6 18. Nc4 Nb6 19. Nxb6 Rxb6 20. Qc2 Bf8 21. Rac1 Bd6 22. Bxd6 Qxd6 23. Qc5 Be6 24. a5 Qxc5 25. Rxc5 Rd6 26. Rfc1 Bc8 27. b4 Nd5 28. a6 Ne7 29. axb7 Bxb7 30. Be2 Nc8 31. f3 Ra2 32. Bc4 Rb2 33. Rb5 Rb6 34. Rxb6 Nxb6 35. fxe4 Bxe4 {(=)} 36. Ba6 Rxg2+ 37. Kf1 Rh2 38. c8=Q+ Nxc8 39. Rxc8+ Kg7 40. Re8 Bf5 41. Kg1 Rxh3 42. b5 Bd3 43. d5 Rh5 44. e4 f5 45. d6 1-0

[Event "4NCL/2001-02/D3/SCS-NK"]
[Site "Rd07-Birmingham"]
[Date "2002.03.23"]
[Round "7.4"]
[White "Gandy, Andrew R"]
[Black "Habibi, Amir"]
[Result "1-0"]
[WhiteElo "2074"]
[BlackElo "2061"]
[PlyCount "157"]
[EventDate "2002.03.23"]
[EventType "team-match"]
[EventCountry "ENG"]
[SourceTitle "BritBase"]
[Source "John Saunders"]
[SourceDate "2024.10.24"]
[SourceVersion "1"]
[SourceVersionDate "2024.10.24"]
[SourceQuality "1"]
[WhiteTeam "Nidum Knights"]
[BlackTeam "Southern Counties Stars"]
[WhiteTeamCountry "WLS"]
[BlackTeamCountry "ENG"]

1. d4 e6 2. Nf3 Nf6 3. c4 Bb4+ 4. Nbd2 b6 5. a3 Bxd2+ 6. Bxd2 Bb7 7. Bg5 d6 8. e3 Nbd7 9. Be2 Qe7 10. Qc2 O-O 11. O-O Rfe8 12. b4 c5 13. dxc5 dxc5 14. Qb3 e5 15. h3 Rad8 16. Rfd1 e4 17. Nh2 Qe5 18. Bf4 Qe6 19. Rd6 Qe7 20. Rad1 cxb4 21. axb4 Nf8 22. Ng4 Ne6 23. Nxf6+ Qxf6 24. Bg3 Rxd6 25. Bxd6 h6 26. c5 Rc8 27. Rc1 Qg5 28. Qa4 Nd4 29. Ba6 Nf3+ 30. Kh1 Bxa6 31. Qxa6 Qf5 32. Qxa7 bxc5 33. bxc5 Nh4 34. Bg3 Ng6 35. Qb6 h5 36. Rc2 h4 37. Bd6 Qd5 38. Qb2 Nf8 39. Rd2 Qc6 40. Rc2 Ne6 41. Qe5 Qa4 42. Qc3 Qb5 43. Qc4 Qb1+ 44. Rc1 Qd3 45. Rc3 Qd1+ 46. Kh2 Qd2 47. Rc2 Qd3 48. Qa2 g6 49. Qb2 Qd5 50. Qf6 Qg5 51. Qxg5 Nxg5 52. Be7 Ne6 53. g3 hxg3+ 54. fxg3 f5 55. g4 f4 56. exf4 Nxf4 57. Kg3 Nd3 58. Re2 Kf7 59. Bd6 e3 60. Kf3 Nb4 61. Rxe3 Nc6 62. Ke2 Ra8 63. Kd3 Ra4 64. Kc2 Nd4+ 65. Kb2 Nc6 66. Kc2 Nd4+ 67. Kd2 Nc6 68. Ke2 Ra2+ 69. Kf3 Ra4 70. Kg3 Kf6 71. Kh4 Nd4 72. Be5+ Kf7 73. Bxd4 Rxd4 74. Rc3 Rd7 75. c6 Rc7 76. Kg5 Kg7 77. h4 Kh7 78. Kf6 Kh6 79. Ke6 1-0